000 01349cam a2200289 a 4500
999 _c1798
_d1798
001 2237048
003 OSt
005 20230131083300.0
008 191030s2009 nyua j 000 1 eng d
020 _a9780316058438
_q(paperback) :
040 _aLD4
_beng
_eaacr2
_cLD4
_dNYP
_dFPB
_dBGU
_dTCPL
_dKH8
042 _anbic
082 0 _a813.52 ATW
100 1 _aAtwater, Richard.
_eauthor
245 1 0 _aMr. Popper's penguins /
_cby Richard and Florence Atwater ; illustrated by Robert Lawson.
250 _a1st rev. pbk. ed.
260 _aNew York :
_bLittle, Brown and Co.,
_c2018, 2009.
300 _a138 p. :
_bill. ;
_c20 cm.
500 _aCopyright renewed 1966.
500 _aReprint. Originally published: Boston : Little, Brown and Co., 1938.
520 _aThe lovable Mr. Popper dreams of being an intrepid Antarctic explorer, living his life among the penguins alongside his hero, Admiral Drake. So he is shocked one day when the Admiral responds to his fan letter by sending him a package containing a real, live penguin. Soon, this penguin is joined by another, and before long Mr. Popper has an ice rink in the basement and a dozen delightful penguins living in his house.
650 0 _aHumorous stories.
650 0 _aPenguins
_vFiction.
700 1 _aAtwater, Florence.
700 1 _aLawson, Robert,
_d1892-1957.
942 _2ddc
_cNFIC